004550000a220010900045001000032000002450130000323000054001627730014002169420008002309520090002389990017003281 aCaballero, Antonio (1945- )10aTierra de toros : Los toros son para Colombia, y Colombia para los toros, mucho más importantes de lo los colombianos creen aVol. 34, Num. 34 (Febrero, 1994), Páginas 15-210 tCambio 16 cANA 001040708HEMaFUSBCbFUSBCd2016-01-26l0o r2016-01-26 00:00:00w2016-01-26yANA c58380d58380